000 00994nas0a22002171i 4500
001 v19\rc\2051953
005 20260406180457.0
035 _a(NLR Aleph) 005130483
090 _a4704007
_c4704007
100 _a20081111b1907 |||a0rusy50 ca
101 0 _arus
102 _aRU
105 _ay z |||||
200 1 _aЕжемесячник Отдела статистики и картографии Министерства путей сообщения
210 _aСанкт-Петербург
_d1907
710 0 1 _aРоссия
_bМинистерство путей сообщения
_bОтдел статистики и картографии
_3RU\NLR\AUTH\889945042
_9385368
801 0 _aRU
_bNLR
_gpsbo
801 1 _aRU
_bProSoft-M
_2rusmarc
830 _aПеречень имеющихся в библиотеке томов, номеров, годов этого издания смотри в каталоге периодических изданий
852 _aNLR
_jП23/1768
942 _cSE